[Event "Rottach Egern Seniors Cup 12th"]
[Site "Rottach Egern"]
[Date "2024.04.08"]
[Round "3"]
[White "Renger, Juergen"]
[Black "Schumacher, Gottfried"]
[Result "0-1"]
[WhiteElo "1876"]
[BlackElo "2102"]
[PlyCount "44"]
[EventDate "2024.04.06"]
[EventType "swiss"]
[EventRounds "9"]
[EventCountry "GER"]
[SourceTitle "CB16_2024"]
[SourceDate "2024.04.17"]
[SourceVersion "1"]
[SourceVersionDate "2024.04.17"]
[SourceQuality "1"]

1. d4 e6 2. c4 Nf6 3. g3 d5 4. Nf3 c5 5. cxd5 exd5 6. Bg2 Nc6 7. 0-0 Bg4 8. dxc5 Bxc5 9. Bg5 0-0 10. Nc3 d4 11. Bxf6 Qxf6 12. Ne4 Qe7 13. Nxc5 Qxc5 14. Qd2 Rad8 15. Rac1 Qh5 16. Qf4 Rfe8 17. Ng5 Bxe2 18. Rfe1 h6 19. Ne4 d3 20. Nd2 Re6 21. Qc7 Re7 22. Qf4 Rd4 0-1

[Event "Rottach Egern Seniors Cup 12th"]
[Site "Rottach Egern"]
[Date "2024.04.07"]
[Round "2"]
[White "Schumacher, Gottfried"]
[Black "Zschunke, Werner"]
[Result "0-1"]
[WhiteElo "2102"]
[BlackElo "1966"]
[PlyCount "108"]
[EventDate "2024.04.06"]
[EventType "swiss"]
[EventRounds "9"]
[EventCountry "GER"]
[SourceTitle "CB16_2024"]
[SourceDate "2024.04.17"]
[SourceVersion "1"]
[SourceVersionDate "2024.04.17"]
[SourceQuality "1"]

1. g3 g6 2. Bg2 Bg7 3. e4 c5 4. Nc3 Nc6 5. d3 d6 6. Nge2 e6 7. Be3 Nge7 8. Qd2 Nd4 9. Nd1 Nec6 10. Nxd4 Nxd4 11. c3 Nc6 12. Bh6 0-0 13. Bxg7 Kxg7 14. Ne3 Ne7 15. h4 h5 16. g4 Rh8 17. gxh5 gxh5 18. f4 Ng6 19. Qf2 e5 20. f5 Nf4 21. 0-0-0 Kf8 22. d4 cxd4 23. cxd4 Qb6 24. Kb1 Rg8 25. Bf1 Qc6 26. Qf3 Bd7 27. Bc4 Rc8 28. Bb3 Qb5 29. Nd5 Nxd5 30. Bxd5 Bc6 31. Qxh5 Bxd5 32. Qh6+ Ke7 33. exd5 Rg2 34. Rd2 Rcg8 35. Rc1 Rg1 36. Rdc2 Qd3 37. dxe5 dxe5 38. Qd2 Qe4 39. d6+ Kd7 40. b3 R8g2 41. Qc3 Rxc2 42. Qxc2 Qxc2+ 43. Kxc2 Rxc1+ 44. Kxc1 Kxd6 45. Kd2 Ke7 46. Ke3 f6 47. Ke4 Kf7 48. Kd5 Kg7 49. a4 Kh6 50. Ke6 e4 51. Kxf6 e3 52. Kf7 e2 53. Kf8 e1Q 54. f6 Qxh4 0-1

[Event "Rottach Egern Seniors Cup 12th"]
[Site "Rottach Egern"]
[Date "2024.04.06"]
[Round "1"]
[White "Ivkin, Michael"]
[Black "Schumacher, Gottfried"]
[Result "0-1"]
[WhiteElo "1861"]
[BlackElo "2102"]
[PlyCount "76"]
[EventDate "2024.04.06"]
[EventType "swiss"]
[EventRounds "9"]
[EventCountry "GER"]
[SourceTitle "CB16_2024"]
[SourceDate "2024.04.17"]
[SourceVersion "1"]
[SourceVersionDate "2024.04.17"]
[SourceQuality "1"]

1. d4 e6 2. Nf3 c5 3. e3 b6 4. c4 cxd4 5. exd4 Nf6 6. Bd3 d5 7. Bf4 Nc6 8. Nc3 Be7 9. 0-0 0-0 10. a3 dxc4 11. Bxc4 Bb7 12. b4 Rc8 13. Qd3 Nh5 14. Be3 Qc7 15. Nb5 Nxb4 16. Nxc7 Nxd3 17. Bxd3 Rxc7 18. a4 Bxf3 19. gxf3 Bb4 20. Rfc1 Rfc8 21. Rxc7 Rxc7 22. Kf1 f5 23. Ke2 Kf7 24. f4 Bd6 25. a5 Bxf4 26. axb6 axb6 27. h3 g6 28. Rb1 Rb7 29. Bc4 Ke7 30. d5 Bxe3 31. Kxe3 e5 32. Bb5 Kd6 33. Bc6 Rb8 34. Kf3 Nf4 35. Rd1 b5 36. h4 b4 37. Ba4 b3 38. Rb1 b2 0-1

[Event "Rottach Egern Seniors Cup 11th"]
[Site "Rottach Egern"]
[Date "2023.04.16"]
[Round "2"]
[White "Fabig, Holger"]
[Black "Schumacher, Gottfried"]
[Result "0-1"]
[WhiteElo "1990"]
[BlackElo "2154"]
[PlyCount "66"]
[EventDate "2023.04.15"]
[EventType "swiss"]
[EventRounds "9"]
[EventCountry "GER"]
[SourceTitle "EXT 2024"]
[Source "ChessBase"]
[SourceDate "2023.10.10"]
[SourceVersion "1"]
[SourceVersionDate "2023.10.10"]
[SourceQuality "1"]

1. e4 e6 2. d4 c5 3. d5 Nf6 4. Bg5 h6 5. Bxf6 Qxf6 6. Nc3 a6 7. Nf3 b5 8. e5 Qd8 9. dxe6 dxe6 10. Qxd8+ Kxd8 11. 0-0-0+ Nd7 12. a4 b4 13. Ne4 Bb7 14. Nfd2 Kc7 15. f4 f5 16. exf6 gxf6 17. Rg1 f5 18. Nf2 Nb6 19. Bc4 Re8 20. Rde1 Bg7 21. g4 Bd4 22. gxf5 Bxf2 23. Rg7+ Kb8 24. Rxe6 Rxe6 25. fxe6 Be3 26. Bd3 Bxf4 27. Kd1 Bxh2 28. Ne4 c4 29. Nc5 Bf3+ 30. Be2 Bxe2+ 31. Kxe2 Nd5 32. Rd7 Nc7 33. Kf3 Bg1 0-1

[Event "Rottach Egern Seniors Cup 11th"]
[Site "Rottach Egern"]
[Date "2023.04.15"]
[Round "1"]
[White "Schumacher, Gottfried"]
[Black "Winkelmeier, Alfred"]
[Result "1-0"]
[WhiteElo "2154"]
[BlackElo "1831"]
[PlyCount "87"]
[EventDate "2023.04.15"]
[EventType "swiss"]
[EventRounds "9"]
[EventCountry "GER"]
[SourceTitle "EXT 2024"]
[Source "ChessBase"]
[SourceDate "2023.10.10"]
[SourceVersion "1"]
[SourceVersionDate "2023.10.10"]
[SourceQuality "1"]

1. f4 d5 2. e3 Nf6 3. Nf3 e6 4. b3 Be7 5. Bb2 c5 6. c4 a6 7. Nc3 Nc6 8. Ne5 0-0 9. Nxc6 bxc6 10. Qf3 Rb8 11. d3 Bd6 12. g4 e5 13. g5 d4 14. gxf6 dxc3 15. Bxc3 Qxf6 16. Rg1 Qh4+ 17. Kd2 f6 18. Qxc6 exf4 19. Be2 fxe3+ 20. Kc2 Qxh2 21. Qf3 Bb7 22. Qg4 Rf7 23. Raf1 Be5 24. Be1 h5 25. Qxh5 Qxh5 26. Bxh5 Re7 27. Bh4 Rf8 28. Kd1 Rd7 29. Ke2 Rd6 30. Bg3 Rfd8 31. Bxe5 fxe5 32. Bg6 e4 33. Bf7+ Kh7 34. Rh1+ Rh6 35. Rxh6+ gxh6 36. dxe4 Rd2+ 37. Kxe3 Rxa2 38. Bd5 Bc8 39. Rf8 Bg4 40. Rf7+ Kg6 41. Rc7 Ra5 42. Kf4 Bd1 43. Bf7+ Kg7 44. Bh5+ 1-0

[Event "Rottach Egern Seniors Cup 10th"]
[Site "Rottach Egern"]
[Date "2022.03.28"]
[Round "3"]
[White "Schumacher, Gottfried"]
[Black "Luciani, Carlo"]
[Result "1/2-1/2"]
[WhiteElo "2118"]
[BlackElo "2170"]
[PlyCount "39"]
[EventDate "2022.03.26"]
[EventType "swiss"]
[EventRounds "9"]
[EventCountry "GER"]
[SourceTitle "CBM 207 Extra"]
[Source "ChessBase"]
[SourceDate "2022.05.31"]
[SourceVersion "1"]
[SourceVersionDate "2022.05.31"]
[SourceQuality "1"]

1. e4 e5 2. Nc3 Bc5 3. Nf3 d6 4. Na4 Bb6 5. Nxb6 axb6 6. d4 Qe7 7. Bc4 Nf6 8. Bg5 0-0 9. 0-0 Bg4 10. Re1 Nc6 11. c3 h6 12. Bh4 g5 13. Bg3 Nh5 14. Re3 Nxg3 15. fxg3 exd4 16. cxd4 Qf6 17. e5 dxe5 18. dxe5 Qe7 19. Qc2 Be6 20. Bxe6 1/2-1/2

[Event "RLP Seniors op 17th"]
[Site "Neustadt an der Weinstrasse"]
[Date "2019.07.26"]
[Round "7"]
[White "Klaus, Rainer"]
[Black "Schumacher, Gottfried"]
[Result "0-1"]
[WhiteElo "1924"]
[BlackElo "2182"]
[PlyCount "54"]
[EventDate "2019.07.20"]
[EventType "swiss"]
[EventRounds "9"]
[EventCountry "GER"]
[SourceTitle "CBM 192 Extra"]
[Source "Chessbase"]
[SourceDate "2019.11.06"]
[SourceVersion "1"]
[SourceVersionDate "2019.11.06"]
[SourceQuality "1"]

1. d4 e6 2. Nc3 d5 3. e4 Nf6 4. e5 Nfd7 5. Nf3 c5 6. dxc5 Bxc5 7. Bd3 Nc6 8. Bf4 Qb6 9. 0-0 Qxb2 10. Nb5 Bb6 11. Nd6+ Ke7 12. Rb1 Qa3 13. Rb3 Qa4 14. g3 h6 15. Bb5 Qxa2 16. Qd2 Nc5 17. Bg5+ f6 18. Qf4 hxg5 19. Nxg5 Nxb3 20. exf6+ gxf6 21. Nge4 dxe4 22. Nxe4 Rf8 23. Qd6+ Kf7 24. Nxf6 Qxc2 25. Bd3 Qc3 26. Ng4 Qd4 27. Bg6+ Kg7 0-1

[Event "RLP Seniors op 17th"]
[Site "Neustadt an der Weinstrasse"]
[Date "2019.07.25"]
[Round "6"]
[White "Schumacher, Gottfried"]
[Black "Lorenz, Kurt"]
[Result "1-0"]
[WhiteElo "2182"]
[BlackElo "1856"]
[PlyCount "41"]
[EventDate "2019.07.20"]
[EventType "swiss"]
[EventRounds "9"]
[EventCountry "GER"]
[SourceTitle "CBM 192 Extra"]
[Source "Chessbase"]
[SourceDate "2019.11.06"]
[SourceVersion "1"]
[SourceVersionDate "2019.11.06"]
[SourceQuality "1"]

1. b3 f5 2. Bb2 Nf6 3. c4 g6 4. g3 Bg7 5. Bg2 c5 6. Nf3 Nc6 7. 0-0 d6 8. Nc3 e5 9. e3 0-0 10. Ne1 Be6 11. d3 Qd7 12. Nc2 g5 13. d4 exd4 14. exd4 Nd8 15. Qd2 h6 16. Rad1 Rc8 17. f4 g4 18. Qf2 Qc7 19. Nb5 Qb8 20. dxc5 dxc5 21. Be5 1-0

[Event "RLP Seniors op 17th"]
[Site "Neustadt an der Weinstrasse"]
[Date "2019.07.21"]
[Round "2"]
[White "Brettschneider, Karl"]
[Black "Schumacher, Gottfried"]
[Result "1/2-1/2"]
[WhiteElo "1973"]
[BlackElo "2182"]
[PlyCount "41"]
[EventDate "2019.07.20"]
[EventType "swiss"]
[EventRounds "9"]
[EventCountry "GER"]
[SourceTitle "CBM 192 Extra"]
[Source "Chessbase"]
[SourceDate "2019.11.06"]
[SourceVersion "1"]
[SourceVersionDate "2019.11.06"]
[SourceQuality "1"]

1. c4 Nf6 2. Nc3 e6 3. g3 d5 4. cxd5 exd5 5. d4 c5 6. Nf3 Be7 7. Bg2 Nc6 8. 0-0 0-0 9. h3 Ne4 10. Be3 Bf6 11. Rc1 Re8 12. Kh2 Bf5 13. dxc5 d4 14. Nxe4 Bxe4 15. Bf4 Qd5 16. b3 Rad8 17. Ne1 g5 18. Bd6 Nb4 19. f3 Bg6 20. Qd2 Nc6 21. e4 1/2-1/2

[Event "Baden Wuerttemberg-ch Seniors 65+ op"]
[Site "Freudenstadt"]
[Date "2019.07.11"]
[Round "7"]
[White "Schumacher, Gottfried"]
[Black "Selig, Rainer"]
[Result "0-1"]
[WhiteElo "2182"]
[BlackElo "2090"]
[PlyCount "78"]
[EventDate "2019.07.05"]
[EventType "swiss"]
[EventRounds "9"]
[EventCountry "GER"]
[SourceTitle "EXT 2020"]
[Source "ChessBase"]
[SourceDate "2019.10.17"]
[SourceVersion "1"]
[SourceVersionDate "2019.10.17"]
[SourceQuality "1"]

1. Nf3 d5 2. e3 Bg4 3. c4 Bxf3 4. Qxf3 c6 5. b3 e6 6. Bb2 Nf6 7. g4 Nbd7 8. g5 Ne4 9. h4 h6 10. d3 Qa5+ 11. Ke2 Nd6 12. g6 f5 13. cxd5 Qxd5 14. Qg3 Qxh1 15. Bg2 f4 16. Qg4 Qh2 17. Nd2 Nf5 18. e4 Qxh4 19. Qf3 Nd6 20. Bh3 e5 21. Be6 Qf6 22. Qh3 Nc5 23. Bg4 Nb5 24. Nc4 Bd6 25. Kf1 Rd8 26. d4 Nxd4 27. Bxd4 exd4 28. e5 Bxe5 29. Nxe5 0-0 30. Nf7 d3 31. Rd1 Rd4 32. b4 Rxb4 33. Qh5 Rb5 34. a4 Ra5 35. Rxd3 Nxd3 36. Nxh6+ gxh6 37. Qxh6 Qa1+ 38. Kg2 f3+ 39. Kh2 Qe5+ 0-1

[Event "Baden Wuerttemberg-ch Seniors 65+ op"]
[Site "Freudenstadt"]
[Date "2019.07.09"]
[Round "5"]
[White "Schumacher, Gottfried"]
[Black "Lutz, Albert"]
[Result "0-1"]
[WhiteElo "2182"]
[BlackElo "2143"]
[PlyCount "68"]
[EventDate "2019.07.05"]
[EventType "swiss"]
[EventRounds "9"]
[EventCountry "GER"]
[SourceTitle "EXT 2020"]
[Source "ChessBase"]
[SourceDate "2019.10.17"]
[SourceVersion "1"]
[SourceVersionDate "2019.10.17"]
[SourceQuality "1"]

1. e4 d6 2. Nc3 g6 3. d4 Bg7 4. Be3 c6 5. Qd2 b5 6. f3 Qa5 7. Nge2 Nd7 8. Nc1 Ngf6 9. a4 b4 10. Nd1 c5 11. Bb5 Qc7 12. e5 dxe5 13. dxe5 Qxe5 14. Nd3 Qc7 15. Nxc5 a5 16. Nf2 0-0 17. Nb3 Ne5 18. Qe2 Nd5 19. Bc1 Bb7 20. 0-0 Rfc8 21. Nd4 Nc4 22. Rd1 Nd6 23. Be3 Nxe3 24. Qxe3 e5 25. Nb3 Nxb5 26. axb5 a4 27. Nd2 Qxc2 28. Nd3 Rd8 29. Nxb4 Qxb2 30. Nc6 Bxc6 31. bxc6 e4 32. Rab1 Qd4 33. Kf2 exf3 34. c7 Rdc8 0-1

[Event "Bad Wiessee Senioren Cup 8th"]
[Site "Bad Wiessee"]
[Date "2019.05.19"]
[Round "9"]
[White "Astengo, Corrado"]
[Black "Schumacher, Gottfried"]
[Result "1-0"]
[WhiteElo "2084"]
[BlackElo "2187"]
[PlyCount "87"]
[EventDate "2019.05.11"]
[EventType "swiss"]
[EventRounds "9"]
[EventCountry "GER"]
[SourceTitle "EXT 2020"]
[Source "ChessBase"]
[SourceDate "2019.10.17"]
[SourceVersion "1"]
[SourceVersionDate "2019.10.17"]
[SourceQuality "1"]

1. e4 e6 2. d4 d5 3. Nd2 c5 4. exd5 exd5 5. Bb5+ Nc6 6. Ngf3 Bd6 7. 0-0 Nge7 8. dxc5 Bxc5 9. Nb3 Bb6 10. h3 0-0 11. Nbd4 Qd6 12. c3 Ng6 13. Re1 Bd7 14. Bf1 Nxd4 15. Nxd4 Rfe8 16. Be3 Re7 17. Qh5 Rae8 18. Bd2 Bc7 19. g3 Ne5 20. Bg2 g6 21. Qh4 f6 22. Re3 Bc6 23. b3 Rf8 24. Rae1 Rfe8 25. Bc1 Bb6 26. Bd2 Kg7 27. Kh2 Bd7 28. Kh1 h5 29. Qf4 g5 30. Nf5+ Bxf5 31. Qxf5 Bxe3 32. Bxe3 Nc6 33. Rd1 Rxe3 34. fxe3 Rxe3 35. Be4 Ne7 36. Qh7+ Kf8 37. Qh8+ Ng8 38. Bxd5 Re1+ 39. Rxe1 Qxd5+ 40. Kg1 Qf3 41. Rf1 Qxg3+ 42. Kh1 Qxh3+ 43. Kg1 Qe3+ 44. Kh2 1-0

[Event "Bad Wiessee Senioren Cup 8th"]
[Site "Bad Wiessee"]
[Date "2019.05.15"]
[Round "5"]
[White "Schulz, Michael2222"]
[Black "Schumacher, Gottfried"]
[Result "0-1"]
[WhiteElo "2073"]
[BlackElo "2187"]
[PlyCount "70"]
[EventDate "2019.05.11"]
[EventType "swiss"]
[EventRounds "9"]
[EventCountry "GER"]
[SourceTitle "EXT 2020"]
[Source "ChessBase"]
[SourceDate "2019.10.17"]
[SourceVersion "1"]
[SourceVersionDate "2019.10.17"]
[SourceQuality "1"]

1. d4 d5 2. Nf3 e6 3. c4 c6 4. e3 Nf6 5. Nc3 Bd6 6. Qc2 0-0 7. b3 Nbd7 8. Be2 e5 9. cxd5 cxd5 10. dxe5 Nxe5 11. 0-0 Bg4 12. Nd4 Rc8 13. Bxg4 Nexg4 14. h3 Ne4 15. Bb2 Bh2+ 16. Kh1 Bb8 17. Nf3 Ne5 18. Nd4 Qh4 19. Kg1 f5 20. f4 Qg3 21. Nf3 Nc6 22. Ne2 Qg6 23. Qd1 Nb4 24. Ned4 Qe8 25. a3 Nc6 26. Nxc6 bxc6 27. Rc1 Rf7 28. b4 a5 29. Bd4 axb4 30. axb4 Rb7 31. Qa4 Bd6 32. Rb1 Ra8 33. Qc2 Rxb4 34. Rxb4 Bxb4 35. Bxg7 Kxg7 0-1

[Event "GER-ch Seniors 65 31st"]
[Site "Radebeul"]
[Date "2019.05.02"]
[Round "7"]
[White "Hanisch, Friedrich"]
[Black "Schumacher, Gottfried"]
[Result "1-0"]
[WhiteElo "2095"]
[BlackElo "2202"]
[PlyCount "44"]
[EventDate "2019.04.26"]
[EventType "swiss"]
[EventRounds "9"]
[EventCountry "GER"]
[SourceTitle "CBM 190 Extra"]
[Source "ChessBase"]
[SourceDate "2019.07.15"]
[SourceVersion "1"]
[SourceVersionDate "2019.07.15"]
[SourceQuality "1"]

1. d4 d5 2. c4 e6 3. Nc3 Nf6 4. cxd5 Nxd5 5. e4 Nxc3 6. bxc3 c5 7. Nf3 cxd4 8. cxd4 Nc6 9. Bc4 b5 10. Be2 a6 11. 0-0 Bb7 12. Bb2 Rc8 13. Rc1 Na5 14. Rxc8 Qxc8 15. d5 Nc4 16. Bxc4 Qxc4 17. dxe6 Qxe6 18. Qd4 f6 19. Rd1 Be7 20. h3 Kf7 21. Ng5+ Ke8 22. Nf3 Qd7 1-0

[Event "GER-ch Seniors 65 31st"]
[Site "Radebeul"]
[Date "2019.04.30"]
[Round "5"]
[White "Hess, Christian"]
[Black "Schumacher, Gottfried"]
[Result "1/2-1/2"]
[WhiteElo "2246"]
[BlackElo "2202"]
[PlyCount "88"]
[EventDate "2019.04.26"]
[EventType "swiss"]
[EventRounds "9"]
[EventCountry "GER"]
[SourceTitle "CBM 190 Extra"]
[Source "ChessBase"]
[SourceDate "2019.07.15"]
[SourceVersion "1"]
[SourceVersionDate "2019.07.15"]
[SourceQuality "1"]

1. c4 Nf6 2. Nc3 e6 3. e4 d5 4. e5 Nfd7 5. d4 dxc4 6. Bxc4 c5 7. Nf3 cxd4 8. Qxd4 Nc6 9. Qe4 Nc5 10. Qe2 a6 11. 0-0 b5 12. Rd1 Qc7 13. Bb3 Nxb3 14. axb3 Bb7 15. Bf4 Nb4 16. Nd4 Qb6 17. Ne4 Rd8 18. Bg5 Rd7 19. Nf5 exf5 20. Nd6+ Bxd6 21. exd6+ Be4 22. Be3 Qb7 23. f3 0-0 24. fxe4 Re8 25. Bc5 Nc6 26. Re1 Re5 27. b4 Nd8 28. Qh5 g6 29. Qg5 Rxe4 30. Qf6 Ne6 31. Rad1 Qc6 32. Rxe4 Qxe4 33. h3 a5 34. Bd4 Nxd4 35. Rxd4 Qe1+ 36. Kh2 axb4 37. Rd5 Qe6 38. Qd4 f6 39. Kh1 Kf7 40. Rxb5 Rxd6 41. Rb7+ Kg8 42. Rb8+ Kf7 43. Rb7+ Kg8 44. Rb8+ Kf7 1/2-1/2

[Event "GER-ch Seniors 65 31st"]
[Site "Radebeul"]
[Date "2019.04.28"]
[Round "3"]
[White "Lomer, Edmund"]
[Black "Schumacher, Gottfried"]
[Result "0-1"]
[WhiteElo "2053"]
[BlackElo "2202"]
[PlyCount "178"]
[EventDate "2019.04.26"]
[EventType "swiss"]
[EventRounds "9"]
[EventCountry "GER"]
[SourceTitle "CBM 190 Extra"]
[Source "ChessBase"]
[SourceDate "2019.07.15"]
[SourceVersion "1"]
[SourceVersionDate "2019.07.15"]
[SourceQuality "1"]

1. Nf3 e6 2. g3 b6 3. Bg2 Bb7 4. d4 c5 5. 0-0 cxd4 6. Qxd4 Nc6 7. Qd3 Nb4 8. Qd1 Nf6 9. c3 Nbd5 10. Nbd2 Qc7 11. e4 Ne7 12. Re1 Ng6 13. Qe2 Bc5 14. b4 Be7 15. e5 Nd5 16. Ne4 Nxc3 17. Nxc3 Qxc3 18. Bd2 Qa3 19. h4 Bxb4 20. Bxb4 Qxb4 21. Red1 Rc8 22. h5 Ne7 23. Qd3 Bd5 24. h6 gxh6 25. Nd4 Qc4 26. Qa3 Qc5 27. Qe3 Bxg2 28. Kxg2 Qd5+ 29. Kg1 Rg8 30. a4 Rc5 31. Nb3 Qxe5 32. Nxc5 Qxe3 33. fxe3 bxc5 34. Rab1 Nc6 35. Kf2 Rg4 36. Rb7 Ne5 37. Rxa7 Rb4 38. Rd2 c4 39. Ke2 Rb3 40. a5 Ra3 41. a6 Ke7 42. Ra8 d5 43. a7 Kf6 44. Rb2 Kf5 45. Rb7 Ke4 46. Rab8 Ra2+ 47. Kd1 Ra1+ 48. Kc2 Kxe3 49. a8Q Rxa8 50. Rxa8 d4 51. Ra5 Ke4 52. Rb1 Ng4 53. Ra4 Ne3+ 54. Kd2 c3+ 55. Ke2 e5 56. Rc1 Nd5 57. Rh1 f5 58. Re1 f4 59. Kd1+ Ne3+ 60. Ke2 fxg3 61. Rg1 g2 62. Kf2 Kd3 63. Ra2 e4 64. Re2 Ng4+ 65. Ke1 Ne3 66. Rxe3+ Kxe3 67. Rxg2 d3 68. Kd1 c2+ 69. Kc1 Kf3 70. Rh2 e3 71. Rh3+ Kf2 72. Rh5 e2 73. Rf5+ Ke1 74. Rd5 Kf2 75. Rf5+ Ke3 76. Re5+ Kd4 77. Re7 h5 78. Kd2 h4 79. Rd7+ Ke4 80. Re7+ Kf4 81. Rf7+ Kg5 82. Rg7+ Kf5 83. Rg1 Ke4 84. Rh1 h3 85. Kc1 h2 86. Kd2 h5 87. Re1 h4 88. Rh1 Kf3 89. Kxd3 Kg2 0-1

[Event "MVP-ch Seniors op 18th"]
[Site "Ostseebad Binz"]
[Date "2018.12.05"]
[Round "8"]
[White "Mueller Clostermann, Bruno"]
[Black "Schumacher, Gottfried"]
[Result "1/2-1/2"]
[WhiteElo "2103"]
[BlackElo "2217"]
[PlyCount "80"]
[EventDate "2018.11.28"]
[EventType "swiss"]
[EventRounds "9"]
[EventCountry "GER"]
[SourceTitle "CBM 188 Extra"]
[Source "ChessBase"]
[SourceDate "2019.02.26"]
[SourceVersion "1"]
[SourceVersionDate "2019.02.26"]
[SourceQuality "1"]

1. d4 e6 2. c4 Nf6 3. g3 c5 4. d5 exd5 5. cxd5 d6 6. Nc3 g6 7. Bg2 Bg7 8. Nf3 0-0 9. 0-0 Na6 10. Bf4 Nc7 11. a4 Re8 12. Nd2 Nh5 13. Be3 f5 14. Nc4 b6 15. Bf3 Ba6 16. Qb3 Qf6 17. Bxh5 gxh5 18. Bf4 Bxc4 19. Qxc4 h4 20. Rad1 a6 21. Rd2 Qg6 22. Kh1 h3 23. Qd3 Rab8 24. Rg1 h5 25. Nd1 b5 26. f3 c4 27. Qc2 Kh7 28. axb5 Nxb5 29. Ne3 Bd4 30. Nxc4 Bxg1 31. Kxg1 Rbc8 32. Qd3 Rc7 33. b3 Qf6 34. Ra2 Rce7 35. e3 Ra7 36. Qf1 Kg6 37. Qxh3 Qc3 38. Qh4 Qf6 39. Qh3 Qc3 40. Qh4 Qf6 1/2-1/2

[Event "MVP-ch Seniors op 18th"]
[Site "Ostseebad Binz"]
[Date "2018.12.03"]
[Round "6"]
[White "Hanisch, Friedrich"]
[Black "Schumacher, Gottfried"]
[Result "1/2-1/2"]
[WhiteElo "2083"]
[BlackElo "2217"]
[PlyCount "47"]
[EventDate "2018.11.28"]
[EventType "swiss"]
[EventRounds "9"]
[EventCountry "GER"]
[SourceTitle "CBM 188 Extra"]
[Source "ChessBase"]
[SourceDate "2019.02.26"]
[SourceVersion "1"]
[SourceVersionDate "2019.02.26"]
[SourceQuality "1"]

1. d4 e6 2. c4 Nf6 3. Nc3 d5 4. Bg5 c6 5. e3 Nbd7 6. Nf3 Bd6 7. cxd5 cxd5 8. Be2 a6 9. 0-0 b5 10. e4 dxe4 11. Nxe4 Be7 12. Nxf6+ Nxf6 13. Ne5 Bb7 14. Bf3 Qb6 15. Bxb7 Qxb7 16. Qf3 Qxf3 17. Nxf3 Nd5 18. Bd2 Bf6 19. Rac1 Kd7 20. Rc2 Rac8 21. Rfc1 Rxc2 22. Rxc2 Ne7 23. Kf1 Nf5 24. Be3 1/2-1/2

[Event "MVP-ch Seniors op 18th"]
[Site "Ostseebad Binz"]
[Date "2018.12.02"]
[Round "5"]
[White "Schumacher, Gottfried"]
[Black "Gley, Reinhard"]
[Result "1-0"]
[WhiteElo "2217"]
[BlackElo "2036"]
[PlyCount "87"]
[EventDate "2018.11.28"]
[EventType "swiss"]
[EventRounds "9"]
[EventCountry "GER"]
[SourceTitle "CBM 188 Extra"]
[Source "ChessBase"]
[SourceDate "2019.02.26"]
[SourceVersion "1"]
[SourceVersionDate "2019.02.26"]
[SourceQuality "1"]

1. Nf3 Nf6 2. c4 c5 3. Nc3 Nc6 4. d4 cxd4 5. Nxd4 g6 6. e4 d6 7. Be2 Bg7 8. Be3 0-0 9. 0-0 Nxd4 10. Bxd4 b6 11. Bf3 e5 12. Be3 Be6 13. b3 Qd7 14. h3 Rab8 15. Qd2 Rfc8 16. Rad1 Ne8 17. Kh2 Rb7 18. g4 f6 19. Be2 g5 20. Kg3 h5 21. gxh5 Bxh3 22. Rh1 Be6 23. h6 Bf8 24. Bh5 Kh7 25. Nd5 Bxd5 26. Qxd5 Rcc7 27. Bg4 Qf7 28. Be6 Qe7 29. f3 b5 30. Bf5+ Kh8 31. Bg6 f5 32. Bxf5 Nf6 33. Qd2 bxc4 34. bxc4 g4 35. c5 dxc5 36. fxg4 Rb4 37. Qc2 Qf7 38. Rd8 Rd4 39. Rb8 c4 40. g5 Nd7 41. g6 Qxf5 42. exf5 Nxb8 43. Bxd4 exd4 44. Qe4 1-0

[Event "MVP-ch Seniors op 18th"]
[Site "Ostseebad Binz"]
[Date "2018.12.01"]
[Round "4"]
[White "Gerhardt, Peter Michael"]
[Black "Schumacher, Gottfried"]
[Result "0-1"]
[WhiteElo "1973"]
[BlackElo "2217"]
[PlyCount "80"]
[EventDate "2018.11.28"]
[EventType "swiss"]
[EventRounds "9"]
[EventCountry "GER"]
[SourceTitle "CBM 188 Extra"]
[Source "ChessBase"]
[SourceDate "2019.02.26"]
[SourceVersion "1"]
[SourceVersionDate "2019.02.26"]
[SourceQuality "1"]

1. Nf3 g6 2. g3 Bg7 3. Bg2 c5 4. 0-0 Nc6 5. c4 Nf6 6. Nc3 0-0 7. d3 d5 8. cxd5 Nxd5 9. Bd2 Nc7 10. Rc1 Bg4 11. h3 Bd7 12. b3 h6 13. Ne4 b6 14. Bc3 e5 15. Ned2 Qe7 16. Nc4 Rad8 17. Nfd2 Nd4 18. Kh2 Qe6 19. e4 Bc6 20. Bxd4 Rxd4 21. Nf3 Rd7 22. Qe2 Kh7 23. h4 Qe7 24. Rcd1 Rdd8 25. Qc2 Bd7 26. Bh3 Bxh3 27. Kxh3 f5 28. exf5 Rxf5 29. Kg2 Ne6 30. Qe2 Rdf8 31. Nfd2 Nd4 32. Qe4 h5 33. Ne3 R5f7 34. Ndc4 Nf3 35. Nd2 Nd4 36. Ndc4 Qe6 37. Nd2 Bh6 38. Rde1 Nf5 39. Nxf5 Bxd2 40. Re2 gxf5 0-1

[Event "MVP-ch Seniors op 18th"]
[Site "Ostseebad Binz"]
[Date "2018.11.29"]
[Round "2"]
[White "Alder, Bodo"]
[Black "Schumacher, Gottfried"]
[Result "1-0"]
[WhiteElo "1986"]
[BlackElo "2217"]
[PlyCount "99"]
[EventDate "2018.11.28"]
[EventType "swiss"]
[EventRounds "9"]
[EventCountry "GER"]
[SourceTitle "CBM 188 Extra"]
[Source "ChessBase"]
[SourceDate "2019.02.26"]
[SourceVersion "1"]
[SourceVersionDate "2019.02.26"]
[SourceQuality "1"]

1. Nf3 c5 2. b3 Nf6 3. Bb2 Nc6 4. e3 e6 5. a3 b6 6. d4 cxd4 7. exd4 Bb7 8. Nbd2 Rc8 9. c4 Bd6 10. Bd3 0-0 11. 0-0 Nh5 12. g3 f5 13. b4 Nf6 14. Qe2 Ng4 15. Ne5 Bxe5 16. dxe5 Qc7 17. Rfe1 Ne7 18. f3 Nh6 19. Rac1 g5 20. h3 a5 21. b5 Ba8 22. Kh2 Rf7 23. Qf2 Rg7 24. f4 Qb7 25. Rg1 Kf7 26. Be2 Qc7 27. c5 Rcg8 28. Nc4 gxf4 29. gxf4 Rg2+ 30. Rxg2 Rxg2+ 31. Qxg2 Bxg2 32. Nd6+ Kf8 33. Kxg2 bxc5 34. Bd4 a4 35. Bxc5 Qb8 36. Nc8 Nhg8 37. b6 Kf7 38. Nd6+ Kg7 39. b7 Nd5 40. Kf3 Nge7 41. Bf2 Nxf4 42. Kxf4 Ng6+ 43. Kg3 Nxe5 44. Rc8 Qxd6 45. b8Q Qxa3+ 46. Kg2 Ng6 47. Rg8+ Kf6 48. Bd4+ e5 49. Rxg6+ hxg6 50. Qxe5+ 1-0

[Event "Schleswig Holstein-ch Seniors op 11th"]
[Site "Buesum"]
[Date "2017.09.16"]
[Round "9"]
[White "Van den Berg, Ad"]
[Black "Schumacher, Gottfried"]
[Result "1/2-1/2"]
[WhiteElo "2237"]
[BlackElo "2273"]
[PlyCount "56"]
[EventDate "2017.09.08"]
[EventType "swiss"]
[EventRounds "9"]
[EventCountry "GER"]
[SourceTitle "EXT 2019"]
[Source "ChessBase"]
[SourceDate "2018.10.10"]
[SourceVersion "1"]
[SourceVersionDate "2018.10.10"]
[SourceQuality "1"]

1. Nf3 c5 2. e4 e6 3. b3 Nc6 4. Bb2 Nf6 5. e5 Nd5 6. Bb5 Qc7 7. 0-0 Be7 8. Re1 0-0 9. Bxc6 Qxc6 10. d4 Nf4 11. g3 Nh3+ 12. Kg2 Ng5 13. h4 Nxf3 14. Qxf3 Qxf3+ 15. Kxf3 f6 16. Kg2 b6 17. f4 Bb7+ 18. Kh2 cxd4 19. Bxd4 fxe5 20. Bxe5 h6 21. Nd2 g5 22. Ne4 Kh7 23. Bd6 Bxd6 24. Nxd6 Bc6 25. Rf1 gxh4 26. g4 Rf6 27. Rae1 Rg8 28. Kh3 Rgf8 1/2-1/2